Родий-железо-хлоридная каталитическая система для жидкофазного окисления и окислительного карбонилирования метана; Нефтехимия; Т. 43, № 6

Detalles Bibliográficos
Parent link:Нефтехимия: научный журнал/ Российская академия наук (РАН).— , 1963-.— 0028-2421
Т. 43, № 6.— 2003.— С. 434-437
Outros autores: Чепайкин Е. Г., Безрученко А. П., Бойко Г. Н., Лещева А. А.
Idioma:ruso
Publicado: 2003
Subjects:
Formato: Capítulo de libro
KOHA link:https://koha.lib.tpu.ru/cgi-bin/koha/opac-detail.pl?biblionumber=389801

MARC

LEADER 00000naa2a2200000 4500
001 389801
005 20231101063917.0
035 |a (RuTPU)RU\TPU\prd\22339 
090 |a 389801 
100 |a 20040206a2003 k y0rusy50 ca 
101 0 |a rus 
102 |a RU 
200 1 |a Родий-железо-хлоридная каталитическая система для жидкофазного окисления и окислительного карбонилирования метана  |f Е. Г. Чепайкин, А. П. Безрученко, Г. Н. Бойко, А. А. Лещева 
320 |a Библиогр.: 22 назв. 
461 1 |0 (RuTPU)RU\TPU\prd\1600  |x 0028-2421  |t Нефтехимия  |o научный журнал  |f Российская академия наук (РАН)  |d 1963- 
463 1 |0 (RuTPU)RU\TPU\prd\22151  |t Т. 43, № 6  |v С. 434-437  |d 2003 
610 1 |a каталитические системы 
610 1 |a жидкофазное окисление 
610 1 |a карбонилирование 
610 1 |a метан 
610 1 |a катализаторы 
610 1 |a хлорид родия 
701 1 |a Чепайкин  |b Е. Г. 
701 1 |a Безрученко  |b А. П. 
701 1 |a Бойко  |b Г. Н. 
701 1 |a Лещева  |b А. А. 
801 1 |a RU  |b 63413507  |c 20040206  |g PSBO 
801 2 |a RU  |b 63413507  |c 20131017  |g PSBO 
942 |c BK